000 00452nam a2200157 i 4500
001 81292
003 ES-MaACL
007 t|
008 041103q1955 sp ||||1| spa d
100 1 _aHuerlimann, Martin.
_9209364
245 1 0 _aEspaña
_b: paisajes, monumentos, tradiciones /
_cMartin Hürlimann.
260 _aBarcelona :
_bLabor,
_c[1955?]
300 _a264 p., 269 lám. ;
_c31 cm.
852 _aES-MaACL
_jC-9377
_bR.37799
999 _c81292
_d81292